000 00173nam a22000857a 4500
999 _c16228
_d16228
003 OSt
008 200624b ||||| |||| 00| 0 eng d
245 _aWorld history
942 _cBK